Developing a greater understanding of agricultural tenants (Record no. 108762)

MARC details
000 -LEADER
fixed length control field 01473cad a22002295a 4500
001 - CONTROL NUMBER
control field L145333
008 - FIXED-LENGTH DATA ELEMENTS--GENERAL INFORMATION
fixed length control field 080930e20080925xxkabd f s 000 0 eng d
035 ## - SYSTEM CONTROL NUMBER
System control number (Sirsi) u145333
041 0# - LANGUAGE CODE
Language code of text/sound track or separate title eng
050 04 - LIBRARY OF CONGRESS CALL NUMBER
Classification number 630.026 $2 18
100 1# - MAIN ENTRY--PERSONAL NAME
Personal name Beedell, Jason
111 2# - MAIN ENTRY--MEETING NAME
Meeting name or jurisdiction name as entry element RICS Roots Rural Research Conference
Location of meeting Trinity College, Oxford
Date of meeting or treaty signing 17-18 March 2008
245 00 - TITLE STATEMENT
Title Developing a greater understanding of agricultural tenants
Medium [electronic resource]
260 ## - PUBLICATION, DISTRIBUTION, ETC.
Place of publication, distribution, etc. London
Name of publisher, distributor, etc. RICS
Date of publication, distribution, etc. 2008
520 ## - SUMMARY, ETC.
Summary, etc. This conference paper sets out the findings of two large scale projects researching agricultural tenants. The findings should prove beneficial to landlords seeking to manage their rural land resources better. There can be significant added value attributed to agricultural land at the end of an Agricultural Holdings Act tenancy and so the likelihood of when tenants might give up a holding is of obvious interest to landlords. The studies also identify certain social and behavioural traits and try and link these to the way in which tenants manage their farms, as well as looking at how factors under the owner's or agent's control affect agricultural tenancies.
521 ## - TARGET AUDIENCE NOTE
Target audience note Advanced
590 ## - LOCAL NOTE (RLIN)
Local note KA
651 #4 - SUBJECT ADDED ENTRY--GEOGRAPHIC NAME
Geographic name United Kingdom
Chronological subdivision
690 ## - LOCAL SUBJECT ADDED ENTRY--TOPICAL TERM (OCLC, RLIN)
Topical term or geographic name as entry element PROPERTY-LANDLORD AND TENANT-TENANCIES-AGRICULTURAL TENANCIES
856 40 - ELECTRONIC LOCATION AND ACCESS
Uniform Resource Identifier <a href="https://www.rics.org/site/download_feed.aspx?fileID=5146&fileExtension=PDF">https://www.rics.org/site/download_feed.aspx?fileID=5146&fileExtension=PDF</a>
Public note View the item free of charge online at www.rics.org...
942 ## - ADDED ENTRY ELEMENTS (KOHA)
Suppress in OPAC 0
Holdings
Withdrawn status Lost status Source of classification or shelving scheme Damaged status Not for loan Home library Current library Shelving location Date acquired Total Checkouts Full call number Barcode Date last seen Copy number Price effective from Koha item type
    Dewey Decimal Classification     Virtual Virtual Online 30/09/2008   ONLINE PUBLICATION 145333-1001 06/08/2019 1 06/08/2019 Book